Statistics for Artists by Their Work

Click here to take the quiz!

General Stats

  • This quiz has been taken 81 times
  • The average score is 5 of 9

Answer Stats

PaintingAnswer% Correct
Mona LisaLeonardo da Vinci
98%
Starry NightVincent van Gogh
84%
The ScreamEdvard Munch
80%
The Old GuitaristPablo Picasso
62%
The Garden at GivernyClaude Monet
60%
Sistine ChapelMichaelangelo
51%
The Jewish BrideRembrandt
42%
The Madonna of the MeadowRaphael
36%
Assumption of the VirginTitian
18%

Score Distribution

Percentile by Number Answered

Percent of People with Each Score

Your Score History

You have not taken this quiz